Religion, Law and the Growth of Constitutional Thought, 1150-1650 : (Record no. 603522)

MARC details
000 -LEADER
fixed length control field 00525nam a2200181 a 4500
008 - FIXED-LENGTH DATA ELEMENTS--GENERAL INFORMATION
fixed length control field 251221s2008##################000#0#eng##
020 ## - INTERNATIONAL STANDARD BOOK NUMBER
ISBN 9780521088084
082 04 - DEWEY DECIMAL CLASSIFICATION NUMBER
Classification number 263
Item number TIE
100 1# - MAIN ENTRY--AUTHOR NAME
Personal name Tierney, Brian,
245 10 - TITLE STATEMENT
Title Religion, Law and the Growth of Constitutional Thought, 1150-1650 :
260 ## - PUBLICATION, DISTRIBUTION, ETC. (IMPRINT)
Name of publisher Cambridge University Press,
Year of publication 2008.
650 #0 - SUBJECT ADDED ENTRY--TOPICAL TERM
Topical Term Political Science.
942 ## - ADDED ENTRY ELEMENTS (KOHA)
Koha item type English Books
Holdings
Withdrawn status Lost status Damaged status Not for loan Home library Current library Shelving location Date acquired Full call number Accession Number Price effective from Koha item type
        Anna Centenary Library Anna Centenary Library 3RD FLOOR, B WING 22.12.2025 263 TIE 236820 22.12.2025 English Books

Find us on the map